MARC details
| 000 -LEADER |
| campo de control de longitud fija |
02514nam a2200433 i 4500 |
| 001 - NÚMERO DE CONTROL |
| campo de control |
196181 |
| 003 - IDENTIFICADOR DE NÚMERO DE CONTROL |
| campo de control |
ES-MaACL |
| 005 - FECHA Y HORA DE LA ÚLTIMA TRANSACCIÓN |
| campo de control |
20250809052937.0 |
| 008 - DATOS DE LONGITUD FIJA--INFORMACIÓN GENERAL |
| campo de control de longitud fija |
240817s2021 sp | |||| 000 f spa |
| 015 ## - NÚMERO DE BIBLIOGRAFÍA NACIONAL |
| Número de bibliografía nacional |
MON23 |
| 017 ## - NÚMERO DE COPYRIGHT O DE DEPÓSITO LEGAL |
| Número de copyright o de depósito legal |
M 30879-2021 |
| Agencia que asigna |
Oficina Depósito Legal Madrid |
| 020 ## - NÚMERO INTERNACIONAL ESTÁNDAR DEL LIBRO |
| Número Internacional Estándar del Libro |
9788412034776 |
| 035 ## - NÚMERO DE CONTROL DEL SISTEMA |
| Número de control de sistema |
(SpMaBN)a7245514 |
| 035 ## - NÚMERO DE CONTROL DEL SISTEMA |
| Número de control de sistema |
991047655429708606 |
| 040 ## - FUENTE DE CATALOGACIÓN |
| Centro catalogador/agencia de origen |
SpMaBN |
| Lengua de catalogación |
spa |
| Centro/agencia transcriptor |
SpMaBN |
| Normas de descripción |
rda |
| 080 ## - NÚMERO DE LA CLASIFICACIÓN DECIMAL UNIVERSAL |
| Número de la Clasificación Decimal Universal |
821.111-31"19" |
| 100 ## - ENTRADA PRINCIPAL--NOMBRE DE PERSONA |
| Nombre de persona |
Balakian, Peter |
| 9 (RLIN) |
238443 |
| Término indicativo de función/relación |
Autor |
| 240 10 - TÍTULO UNIFORME |
| Título uniforme |
Black Dog of Fate |
| Lenguaje de la obra |
Español |
| 245 13 - MENCIÓN DEL TÍTULO |
| Título |
El perro negro del destino / |
| Mención de responsabilidad, etc. |
Peter Balakian ; presentación, Joaquín González Ibáñez ; traducción, Rosa Mª Bautista Cordero. |
| 264 #1 - PRODUCCIÓN, PUBLICACIÓN, DISTRIBUCIÓN, FABRICACIÓN Y COPYRIGHT |
| Producción, publicación, distribución, fabricación y copyright |
[Madrid] : |
| Nombre del de productor, editor, distribuidor, fabricante |
Fundación Berg Oceana Aufklarung - Berg Institute, |
| Fecha de producción, publicación, distribución, fabricación o copyright |
[2021]. |
| 264 #4 - PRODUCCIÓN, PUBLICACIÓN, DISTRIBUCIÓN, FABRICACIÓN Y COPYRIGHT |
| Fecha de producción, publicación, distribución, fabricación o copyright |
©2021 |
| 300 ## - DESCRIPCIÓN FÍSICA |
| Extensión |
385 páginas : |
| Dimensiones |
24 cm. |
| 336 ## - TIPO DE CONTENIDO |
| Término de tipo de contenido |
Texto |
| Fuente |
rdacontent |
| 337 ## - TIPO DE MEDIO |
| Nombre/término del tipo de medio |
sin mediación |
| Fuente |
rdamedia |
| 338 ## - TIPO DE SOPORTE |
| Nombre/término del tipo de soporte |
volumen |
| Fuente |
rdacarrier |
| 490 1# - MENCIÓN DE SERIE |
| Mención de serie |
Biblioteca literatura y derechos humanos ; |
| Designación de volumen o secuencia |
14 |
| 520 ## - RESUMEN, ETC. |
| Sumario, etc. |
La obra El perro negro del destino —Premio PEN/Martha Albrand 1998— es un vibrante relato autobiográfico que comienza en la segunda mitad de la década de 1950 en una zona residencial de Nueva Jersey. El autor descubre que tras su estilo de vida aparentemente idílico subyace el fantasma del trauma sufrido por su familia y sus antepasados: el exterminio de más de un millón de armenios en 1915 por parte del Gobierno turco en el que fue el primer genocidio del siglo XX.<br/><br/>«Un relato autobiográfico fascinante y estremecedor… escrito desde el dolor y la rabia, con una inmensa sensibilidad, El perro negro del destino es a la vez un retrato de familia, la crónica histórica del exterminio del pueblo armenio en Turquía y el relato del pasaje de un joven adolescente a la edad adulta».<br/><br/>The New York Times Book Review |
| 586 ## - NOTA DE PREMIOS |
| Nota de premios |
Premio PEN, Martha Albrand, 1998 |
| 655 #0 - TERMINO DE INDIZACIÓN--GENERO/FORMA |
| Datos o término principal de género/forma |
Novelas psicológicas |
| 9 (RLIN) |
233883 |
| 700 ## - ENTRADA AGREGADA--NOMBRE PERSONAL |
| Nombre de persona |
Bautista, Rosa María |
| 9 (RLIN) |
238444 |
| Término indicativo de función/relación |
Traductor |
| 700 ## - ENTRADA AGREGADA--NOMBRE PERSONAL |
| Nombre de persona |
González Ibáñez, Joaquín, |
| 9 (RLIN) |
238427 |
| Fechas asociadas al nombre |
1970- |
| Término indicativo de función/relación |
Autor de introducción |
| 830 #0 - PUNTO DE ACCESO ADICIONAL DE SERIE-TÍTULO UNIFORME |
| Título uniforme |
Biblioteca literatura y derechos humanos |
| Designación de volumen o secuencia |
14 |
| 9 (RLIN) |
238888 |
| 852 ## - LOCALIZACIÓN |
| Ubicación |
ES-MaACL |
| Sublocalización o colección |
R.154551 |
| Ubicación en estantería |
Depósito J |
| Número de control de estantería |
N-9256 |
| Donativo/Legado |
Donación: Editorial |
| Encuadernación |
Encuadernación cartoné (incluye faja) |
| itemnumber |
205210 |
| 942 ## - ELEMENTOS DE ENTRADA SECUNDARIOS (KOHA) |
| Tipo de ítem Koha |
Libro impreso |
| Suprimir en OPAC |
No |